| 000 | 00399nam a2200145Ia 4500 | ||
|---|---|---|---|
| 008 | 220204s9999 xx 000 0 und d | ||
| 082 |
_a330.34(540) _bAGR |
||
| 100 | _aAgrawal, A N | ||
| 245 | 0 | _aIndian economy : Problems of development and planning | |
| 250 | _aEd.22 | ||
| 260 |
_aNew Delhi _bWishwa Prakashan _c1996 |
||
| 650 | _aIndustrial policy | ||
| 650 | _aNatural resources | ||
| 942 | _cBK | ||
| 999 |
_c41020 _d41020 |
||